Hello, Mrs. piggle-wiggle / (Record no. 3866)

MARC details
000 -LEADER
fixed length control field 00819nam a22002537a 4500
001 - CONTROL NUMBER
control field 3866
003 - CONTROL NUMBER IDENTIFIER
control field FISKH
005 - DATE AND TIME OF LATEST TRANSACTION
control field 20240521085942.0
008 - FIXED-LENGTH DATA ELEMENTS--GENERAL INFORMATION
fixed length control field 240520b cb ||||| |||| 00| 0 eng d
040 ## - CATALOGING SOURCE
Original cataloging agency FISK
Language of cataloging eng
Transcribing agency FISK
Modifying agency FISK
050 ## - LIBRARY OF CONGRESS CALL NUMBER
Classification number PZ7.M1464
082 ## - DEWEY DECIMAL CLASSIFICATION NUMBER
Classification number 813.54
100 ## - MAIN ENTRY--PERSONAL NAME
Personal name MacDonald Betty
Dates associated with a name 1907-1958
245 ## - TITLE STATEMENT
Title Hello, Mrs. piggle-wiggle /
Statement of responsibility, etc. Betty MacDonald
260 ## - PUBLICATION, DISTRIBUTION, ETC.
Place of publication, distribution, etc. New York :
Name of publisher, distributor, etc. Harper Trophy,
Date of publication, distribution, etc. 1985
300 ## - PHYSICAL DESCRIPTION
Extent 125 pages :
Other physical details illustrations,
Dimensions 20 cm
505 ## - FORMATTED CONTENTS NOTE
Formatted contents note Q
520 ## - SUMMARY, ETC.
Summary, etc. A woman with a magic way of curing children's bad habits tries her hand with a bully, a whisperer, and a slowpoke and formulates cures for a show-off and a crybaby.
521 8# - TARGET AUDIENCE NOTE
Target audience note 930
Source Lexiles
521 8# - TARGET AUDIENCE NOTE
Target audience note Q
Source Raz-Plus
700 ## - ADDED ENTRY--PERSONAL NAME
Personal name Betty MacDonald
942 ## - ADDED ENTRY ELEMENTS (KOHA)
Source of classification or shelving scheme Dewey Decimal Classification
Koha item type Books
Suppress in OPAC No
Holdings
Withdrawn status Lost status Source of classification or shelving scheme Damaged status Not for loan Collection Home library Current library Shelving location Date acquired Total Checkouts Full call number Barcode Date last seen Copy number Price effective from Koha item type
    Dewey Decimal Classification     Fiction Footprints International School Library Network Toul Kork Campus Footprints International School Library Network Toul Kork Campus TTP Secondary Fiction Bookshelves 05/20/2024   MAC PZ7.M1464 813.54 2024-0645 05/20/2024 1 05/20/2024 Books